Testing income series (Registro nro. 26051)

Detalles MARC
000 -LEADER
fixed length control field 00306 a2200109 4500
001 - CONTROL NUMBER
control field ART_12041
005 - DATE AND TIME OF LATEST TRANSACTION
control field 20260410161902.0
008 - FIXED-LENGTH DATA ELEMENTS--GENERAL INFORMATION
fixed length control field 260409a
100 1# - MAIN ENTRY--PERSONAL NAME
Personal name Haddad, C. L.
245 10 - TITLE STATEMENT
Title Testing income series
773 0# - HOST ITEM ENTRY
Title Journal of econometrics
Related parts - Vol. 4, Nº 1 (feb. 1976)
Record control number REV11720

No hay ítems disponibles.